LEADER 01349nam a2200301 u 4500 001 000000058972 003 CaOOAMICUS 005 20070226120742.0 008 010619s1990 it u000 u ita u 020 $a8814024528 035 $a10892974 040 $aPUL(R)$bita 245 00$aCostituzioni straniere contemporanee.$nI,$pI paesi andini /$ctesti scelti e commentati a cura di Guido Guidi, Eduardo Rozo Acuña ; prefazione di Giorgio Lombardi. 246 30$aPaesi andini 260 $aMilano :$bGiuffrè,$c1990. 300 $a318 p. ;$c20 cm 504 $aBibliografia: p. [18]. 650 4$aCostituzioni (diritto).$0(OLS)http://pul/subject/14730 700 1 $aGuidi, Guido,$d1940-$0(OLS)http://pul/name/40790 700 1 $aLombardi, Giorgio,$d1935-2010.$0(OLS)http://pul/name/28583 700 1 $aRozo Acuña, Eduardo.$0(OLS)http://pul/name/40791 850 $aPUL 852 $aPUL$W1$xSL Diritto e Scienze Sociali 3$y79$mUtrCiv E 15.1$j76972$nBK-PRI$b $qDDC 21$B76972$CPULBib$Z2$F76972 $H72325 $82 941 1 $a9 996 $6020$a8814024528$9(OLS)http://pul/number/74942 996 $6245$aCostituzioni straniere contemporanee.$nI,$pI paesi andini$9(OLS)http://pul/title/78995 996 $6246$aPaesi andini$9(OLS)http://pul/title/78996 996 $6260$aMilano :$bGiuffrè$9(OLS)http://pul/publisher/48401 LEADER 01470nam a2200349 a 4500 001 000000176832 003 CaOOAMICUS 005 20240517152155.0 008 240517s2023 it 001 u ita r 020 $a978-88-399-3619-6* 032 $aLibriCat 040 $aPUL$bita 084 $a248 100 1 $aWerbick, Jürgen,$d1946-$0(OLS)http://pul/name/31244 240 10$aChristlich glauben. Eine theologische Ortsbestimmung /$bItaliano.$0(OLS)http://pul/title/218325 245 10$aCredere cristianamente :$buna collocazione teologica / $cJürgen Werbick. 260 $aBrescia :$bQueriniana,$c©2023. 300 $a478 p.;$c23 cm 490 1 $aBiblioteca di teologia contemporanea ;$v219 500 $aTraduzione dal tedesco di Claudio Bonaldi. 504 $aBibliografia in nota a piè pagina. 650 4$aFede.$0(OLS)http://pul/subject/668 830 0$aBiblioteca di teologia contemporanea ;$v219.$0(OLS)http://pul/title/7472 850 $aPUL 852 $aPUL$W1$xSL Religione 3$y85$m200 BTC 1.219$j200834$qDDC 21$B205791$CPULBib$Z2$F205791 $H137012 $82 941 1 $a9 983 0$aBTC. 996 $6020$a978-88-399-3619-6*$9(OLS)http://pul/number/169705 996 $6084$a248$9(OLS)http://pul/classification/3479 996 $6245$aCredere cristianamente :$buna collocazione teologica / $9(OLS)http://pul/title/218326 996 $6260$aBrescia :$bQueriniana$9(OLS)http://pul/publisher/47906